Prefix Click Quiz: Q - Statistics

General Stats
  • This quiz has been taken 120 times
  • The average score is 5 of 5
Answer Stats
Hint Answer % Correct
Four Quadr-
98%
Five Quinque-
94%
Search Quisit-
91%
Almost Quasi-
90%
How many Quot-
78%
No matching quizzes found
Score Distribution
Percent of People with Each Score
Percentile by Number Answered
Your Score History
You have not taken this quiz